000 01161nam a2200289 a 4500
001 000006774
005 20260219105723.0
008 090902t1980 dr a 000 0 spa d
020 _a8489525056
040 _aDO-SdBNP
_bspa
_cBNPHU
082 _a378.7293
_bL358e
100 1 _aLatorre, Eduardo,
_d1941-2003
_97187
245 1 0 _aSobre educación superior /
_cEduardo Latorre.
260 _aSanto Domingo :
_bINTEC,
_c1980.
300 _a235 p. :
_bil. ;
_c22 cm.
490 1 _aEducación
_v2
500 _aIncluye datos biográficos del autor en la contracubierta.
504 _aIncluye referencias bibliográficas y notas al pie de las páginas.
504 _aBibliografía : p. 225-234.
505 0 _aPrefacio --
_gIntroducción --
_tEducación dominicana --
_tEducación superior para el tercer mundo --
_tEl modelo INTEC --
_tAnexos --
_tBibliografía.
590 _aInventariado, 2018/MFF
650 0 _aEducación superior
_zRepública Dominicana
_9730
650 4 _aUniversidades
_zRepública Dominicana
_9729
710 2 _aInstituto Tecnológico de Santo Domingo
_978911
830 1 _aEducación
_v2
_910928
910 _aValidado. Control de calidad EMS.
999 _c6562
_d6562